Living with arthritis

Bibliographic Details
Main Author: Shenkman, John (Dr)
Format: Book
Published: London : Franklin Watts , 1990
Series:Living with
Subjects:

MARC

LEADER 00000cam a2200000 7i4500
001 0000005687
002 000006147
005 20000330.0
020 |a 0749601000 
090 0 0 |a J 362   |b SHE 
100 1 |a Shenkman, John ,   |e Dr 
245 1 0 |a Living with arthritis   |c Dr John Shenkman 
260 |a London :   |b Franklin Watts ,   |c 1990 
300 |a 64p ;   |c 26cm. 
490 0 |a Living with 
650 0 0 |a Arthritis   |x Juvenile literature 
999 |a 026962   |b BUKU   |c JUNIOR BOOKS   |e PERPUSTAKAAN KOMUNITI PETALING JAYA